Normal view
MARC view
- علم النفس التطبيقي
Entry Topical Term
001 - CONTROL NUMBER
- control field: 35191
003 - CONTROL NUMBER IDENTIFIER
- control field: JO-AjAnu
005 - DATE AND TIME OF LATEST TRANSACTION
- control field: 20230606075904.0
008 - FIXED-LENGTH DATA ELEMENTS
- fixed length control field: 230606|| aca||aabn | a|a d
040 ## - CATALOGING SOURCE
- Original cataloging agency: JO-AjAnu
- Transcribing agency: JO-AjAnu
150 ## - HEADING--TOPICAL TERM
- Topical term or geographic name entry element: علم النفس التطبيقي
670 ## - SOURCE DATA FOUND
- Source citation: Work cat.: (JO-AjAnu)18071: فالون، هنري؛ ترجمة راجح، احمد عزت ؛ مراجعة قنديل،امين مرسي , author 35190, علم النفس التطبيقي